L'Espagne : de l'immobilisme a l'essor

Αποθηκεύτηκε σε:
Λεπτομέρειες βιβλιογραφικής εγγραφής
Κύριος συγγραφέας: Amalric, Jean-Pierre
Μορφή: Βιβλίο
Γλώσσα:French
Δημοσίευση: [Paris] : Presses du CNRS, c1989
Σειρά:CNRS plus
Θέματα:
Ετικέτες: Προσθήκη ετικέτας
Δεν υπάρχουν, Καταχωρήστε ετικέτα πρώτοι!

MARC

LEADER 00000nam a2200000 i 4500
001 1/13169
008 980210s1989 fre d
020 |a 2-87682-033-1 
035 |l 10018933 
040 |a GR-MY-UA  |b gre  |e aacr 
041 0 |a fre 
082 0 |a 330.946 
100 1 |a Amalric, Jean-Pierre. 
245 1 0 |a L'Espagne :  |b de l'immobilisme a l'essor /  |c Textes de Jean-Pierre Amalric...[et al.] ; [Coordonne par B. Bennassar] 
260 |a [Paris] :   |b Presses du CNRS,   |c c1989 
300 |a 200, [4] p.;  |c 24 cm 
490 1 |a CNRS plus 
504 |a Includes bibliographical references  
651 0 |a Spain  |x Economic conditions. 
830 0 |a CNRS plus 
852 |a INST  |b LESVOS  |e 19980210  |h 330.946 ESP  |p 005100015379  |q 005100015379  |t BK  |y 0 
909 |a Λ  |b 034909